02385cam a2200505 a 450000100090000000300040000900500170001300800410003001000170007102000260008802000260011402000260014002000250016602000250019102000250021602000250024102000250026602000250029102000250031602000250034102000260036602000260039202000260041802000260044402000260047002000260049604000180052204200150054004300120055508200190056724500710058626000670065730000550072450000630077950000680084250000390091050506610094965100250161065100350163571000410167090600450171194200120175699900130176895200980178116443791OSt20230602152201.0100902m20102012ke ab s f000 0 eng  a 2010305730 a9789966767202 (v. 1A) a9789966767219 (v. 1B) a9789966767226 (v. 1C) a9789966767233 (v. 2) a9789966767387 (v. 3) a9789966767325 (v. 4) a9789966767288 (v. 5) a9789966767295 (v. 6) a9789966767349 (v. 7) a9789966767356 (v. 8) a9789966767318 (v. 9) a9789966767363 (v. 10) a9789966767301 (v. 11) a9789966767370 (v. 12) a9789966767332 (v. 13) a9789966767394 (v. 14) a9789966767400 (v. 15) aDLCcDLCdDLC alcodeapcc af-ke--- a304.66762bKEN04aThe 2009 Kenya population and housing census /cRepublic of Kenya. aNairobi :bKenya National Bureau of Statistics,c[2010]-[2012] a15 v. :bcol. ill., col. maps ;c30 cm. or larger. a"Counting our people for the implemention of vision 2030." aVolumes 3-15 cover title reads: Analytical report on [subject]. aVolume 15 incorrectly numbered 13.0 av. 1A. Population distribution by administrative units -- v.1B. Population distribution by political units -- v.1C. Population distribution by age, sex, and administrative units -- v. 2. Population and household distribution by socio-economic characteristics -- v. 3. Population dynamics -- v. 4. Household and family dynamics -- v. 5. Fertility and nuptiality -- v. 6. Mortality -- v. 7. Migration -- v. 8. Urbanization -- v. 9. Education -- v. 10. Labour force dynamics -- v. 11. Housing conditions, amenities and household assets -- v. 12. Gender dimensions -- v. 13. Disability -- v. 14. Population projections -- v. 15. Analytical report census atlas. 0aKenyavCensus, 2009. 0aKenyaxPopulationvStatistics.2 aKenya National Bureau of Statistics. a7bcbccorigoded2encipf20gy-gencatlg 2ddccBK c197d197 00102ddc4070a001b001d2023-06-02l0o304.66762 KENp10015539r2023-06-02w2023-06-02yBK